| 000 | 00488nam a2200157Ia 4500 | ||
|---|---|---|---|
| 003 | IQ-KOUCL | ||
| 041 | _aArabic | ||
| 082 | _a210,72 cut-498 ك | ||
| 100 | _a20260118u\\\\\\\\\\\y0engy0103\\\\ba | ||
| 100 | _aد.عبدالسلام بن حسن العبدالكريم | ||
| 245 | 0 | _aمعاملة الحكام في ضوء الكتاب والسنة | |
| 250 | _aط1 | ||
| 260 |
_bجمعية احياء التراث الاسلامي _aالكويت _c2022 |
||
| 300 | _a240 | ||
| 942 | _cBk | ||
| 999 |
_c186347 _d186347 |
||